| 000 | 00549nam a2200181Ia 4500 | ||
|---|---|---|---|
| 005 | 20250326144456.0 | ||
| 008 | 250326s9999 xx 000 0 und d | ||
| 037 | _aTextbook | ||
| 040 |
_aFMSL _beng _cFMSL |
||
| 041 |
_aeng _2eng |
||
| 084 |
_aL:4 P9 _qFMSL |
||
| 100 |
_aBarrick I J _9749728 |
||
| 245 | 0 |
_aTransforming health care management : integrating tehnoloy strategies _cBarrick I J |
|
| 260 |
_aBoston _bBoston, Jones And Bartlett _c2009 |
||
| 365 | _b2150.2800000000002 | ||
| 942 |
_cTB _hL:4 P9 |
||
| 999 |
_c1303840 _d1303840 |
||